Tvångsvis Markåtkomst - Privata Aktörer, Vinstintressen Och Egendomsskydd.

Bibliographic Details
Main Author: Bengtsson, Isabelle.
Format: eBook
Language:Swedish
Published: Linköping : Linkopings Universitet, 2024.
Edition:1st ed.
Series:Linköping Studies in Arts and Sciences Series
Subjects:
Online Access:Click to View
LEADER 02262nam a22003853i 4500
001 EBC31355192
003 MiAaPQ
005 20240729202206.0
006 m o d |
007 cr cnu||||||||
008 240729s2024 xx o ||||0 swe d
020 |a 9789180756686  |q (electronic bk.) 
020 |z 9789180756679 
035 |a (MiAaPQ)EBC31355192 
035 |a (Au-PeEL)EBL31355192 
035 |a (OCoLC)1436833230 
040 |a MiAaPQ  |b eng  |e rda  |e pn  |c MiAaPQ  |d MiAaPQ 
100 1 |a Bengtsson, Isabelle. 
245 1 0 |a Tvångsvis Markåtkomst - Privata Aktörer, Vinstintressen Och Egendomsskydd. 
250 |a 1st ed. 
264 1 |a Linköping :  |b Linkopings Universitet,  |c 2024. 
264 4 |c {copy}2024. 
300 |a 1 online resource (409 pages) 
336 |a text  |b txt  |2 rdacontent 
337 |a computer  |b c  |2 rdamedia 
338 |a online resource  |b cr  |2 rdacarrier 
490 1 |a Linköping Studies in Arts and Sciences Series ;  |v v.882 
505 0 |a Intro -- Förord -- Sammanfattning -- Abstract -- Förkortningar -- Innehållsförteckning -- 1. Inledning -- 2. Rättighetsbegrepp, rättighetsskydd och egendomsskydd -- 3. Äganderätt och markägande i svensk rätt -- 4. Tvångsinstitutets legitimitet -- 5. Tvångsvis markåtkomst med kommersiella förtecken -- 6. Ersättning vid tvångsvis markåtkomst till förmån för privata aktörer med vinstintressen -- 7. Allmänintresse -- 8. Proportionalitet -- 9. Legalitet -- 10. Statens positiva skyldigheter och skadeståndsansvar -- 11. Slutsatser -- Källförteckning. 
588 |a Description based on publisher supplied metadata and other sources. 
590 |a Electronic reproduction. Ann Arbor, Michigan : ProQuest Ebook Central, 2024. Available via World Wide Web. Access may be limited to ProQuest Ebook Central affiliated libraries.  
655 4 |a Electronic books. 
776 0 8 |i Print version:  |a Bengtsson, Isabelle  |t Tvångsvis Markåtkomst - Privata Aktörer, Vinstintressen Och Egendomsskydd  |d Linköping : Linkopings Universitet,c2024  |z 9789180756679 
797 2 |a ProQuest (Firm) 
830 0 |a Linköping Studies in Arts and Sciences Series 
856 4 0 |u https://ebookcentral.proquest.com/lib/matrademy/detail.action?docID=31355192  |z Click to View